[Event "Dt. Senioren-Mannschaftsmeisterschaft der Landesverbände 2017"]
[Site "Templin"]
[Date "2017.09.30"]
[Round "6.1"]
[White "Kalinitschew, Sergey"]
[Black "Rotstein, Jefim"]
[Result "0-1"]
[BlackElo "2322"]
[WhiteElo "2423"]
[LiveChessVersion "1.4.8"]

1. d4 g6 2. e4 Bg7 3. Nf3 d6 4. Bc4 c6 5. Bb3 Nf6 6. Nbd2 O-O 7. O-O a5 8. a4
Qc7 9. Re1 e5 10. c3 Nbd7 11. Nf1 b6 12. Ng3 Bb7 13. h3 c5 14. dxe5 dxe5 15. Bc4
Ne8 16. Bg5 Ndf6 17. Ba2 h6 18. Bxf6 Nxf6 19. Nd2 Rad8 20. Qe2 Rd7 21. Nc4 Rfd8
22. f3 h5 23. h4 Ne8 24. Nf1 Nd6 25. Nce3 Bc6 26. Bd5 c4 27. Bxc4 Nxc4 28. Qxc4
Bf6 29. g3 Be7 30. Kg2 Qb7 31. Kh2 b5 32. axb5 Bxb5 33. Qa2 Bxf1 34. Nxf1 Rd2+
35. Kh3 Qc8+ 36. g4 hxg4+ 37. fxg4 R8d3+ 38. Ng3 Bxh4 39. Rg1 Kg7 40. Raf1 Bf6
0-1

[Event "Dt. Senioren-Mannschaftsmeisterschaft der Landesverbände 2017"]
[Site "Templin"]
[Date "2017.09.30"]
[Round "6.2"]
[White "Khanukov, Boris"]
[Black "Lehmann, Klaus"]
[Result "1-0"]
[BlackElo "2321"]
[WhiteElo "2306"]
[LiveChessVersion "1.4.8"]

1. d4 Nf6 2. Nf3 e6 3. g3 b6 4. Bg2 Bb7 5. O-O g6 6. c4 Bg7 7. Nc3 Ne4 8. Nxe4
Bxe4 9. Bg5 Qc8 10. Qd2 O-O 11. Bh6 Qb7 12. Rfd1 d5 13. Bxg7 Kxg7 14. Qc3 Kg8
15. Rac1 dxc4 16. Qxc4 Na6 17. b4 Rac8 18. a3 Nb8 19. Qc3 Nd7 20. Qe3 Kg7 21. h4
Nf6 22. Ne1 Bxg2 23. Nxg2 Qd5 24. Nf4 Qf5 25. Qe5 Rfd8 26. Qxf5 gxf5 27. e3 Nd5
28. Nd3 f6 29. Rc2 c6 30. Kf1 Kf7 31. Rdc1 Ne7 32. Ke2 Rd5 33. Nf4 Rb5 34. Nd3
Rd5 35. a4 Rcd8 36. Ne1 R5d6 37. Nf3 R6d7 38. Nd2 Rd5 39. Nb3 R5d7 40. Rc4 e5
41. R1c2 Rd5 42. Rd2 b5 43. axb5 cxb5 44. Rc7 R8d7 45. Rdc2 R5d6 46. R7c5 Nd5
47. Rxb5 Rb6 48. Rxb6 axb6 49. b5 Ra7 50. dxe5 fxe5 51. Nd2 Rc7 52. Rxc7+ Nxc7
53. Nc4 Ke6 54. Nxb6 Nxb5 55. Kd3 Nd6 56. f3 e4+ 57. Ke2 exf3+ 58. Kxf3 Ne4 59.
Nc4 Nf6 60. Kf4 h6 61. Nd2 Nd5+ 62. Kf3 Kf6 63. Nb3 Kg6 64. Nd4 Nb4 65. g4 fxg4+
66. Kxg4 h5+ 67. Kf3 Nd3 68. Ne2 Ne1+ 69. Ke4 Ng2 70. Nf4+ 1-0

[Event "Dt. Senioren-Mannschaftsmeisterschaft der Landesverbände 2017"]
[Site "Templin"]
[Date "2017.09.30"]
[Round "6.3"]
[White "Glienke, Manfred, Dr."]
[Black "Hassenrueck, Helmut"]
[Result "1/2-1/2"]
[BlackElo "2167"]
[WhiteElo "2266"]
[LiveChessVersion "1.4.8"]

1. Nf3 Nf6 2. g3 b6 3. Bg2 Bb7 4. O-O e6 5. c4 c5 6. Nc3 Be7 7. b3 O-O 8. Bb2 d6
9. d4 cxd4 10. Qxd4 a6 11. Rfd1 Qc7 12. Rac1 Nbd7 13. Nh4 Bxg2 14. Nxg2 Qb7 15.
Ne3 Rad8 16. g4 Rfe8 17. g5 Nh5 18. Qh4 g6 19. Ng4 f5 20. gxf6 Ndxf6 21. Nxf6+
Bxf6 22. Qg4 b5 23. Ba1 bxc4 24. bxc4 Qc6 25. Ne4 Bxa1 26. Rxa1 d5 27. cxd5 exd5
28. Ng3 Nxg3 29. hxg3 Qc4 30. Qxc4 dxc4 31. Kf1 Kf7 1/2-1/2

[Event "Dt. Senioren-Mannschaftsmeisterschaft der Landesverbände 2017"]
[Site "Templin"]
[Date "2017.09.30"]
[Round "6.4"]
[White "Krueger, Erich"]
[Black "Burchardt, Brigitte"]
[Result "1-0"]
[BlackElo "2191"]
[WhiteElo "2171"]
[LiveChessVersion "1.4.8"]

1. d4 d5 2. c4 e6 3. Nc3 c6 4. Nf3 Nf6 5. Bf4 Bb4 6. a3 Bxc3+ 7. bxc3 dxc4 8.
Qc2 Nd5 9. Bd2 b5 10. e4 Ne7 11. Be2 f6 12. O-O O-O 13. Rfb1 Na6 14. a4 Nc7 15.
Bf4 Bd7 16. Bd6 Rf7 17. Rb2 Nc8 18. Bc5 Qe8 19. Rba2 a6 20. e5 Ne7 21. Nd2 f5
22. Bf3 Ned5 23. Bd6 Bc8 24. axb5 cxb5 25. g3 Qd8 26. Bg2 Bb7 27. Nf3 Ne8 28.
Bc5 Nec7 29. h4 h6 30. Qd2 Qe8 31. Ne1 Rb8 32. Bf3 Qc6 33. Nc2 f4 34. Nb4 Qd7
35. Bh5 g6 36. Bxg6 Rg7 37. h5 Nxb4 38. Bxb4 Qd5 39. f3 Qxf3 40. Qxf4 Qxf4 41.
gxf4 Be4 42. Bd6 Bxg6 43. hxg6 Rxg6+ 44. Kf2 Rg7 45. Bxc7 Rxc7 46. Rxa6 b4 47.
Rxe6 bxc3 48. Rxh6 Rb2+ 49. Ke3 Rg2 50. f5 Kg7 51. Rah1 Kf8 52. Rh8+ Rg8 53.
Rxg8+ Kxg8 54. Rc1 Rh7 55. Rxc3 Rh3+ 56. Kd2 Rh2+ 57. Kc1 Rf2 58. f6 Kf7 59.
Rxc4 Ke6 60. Rc2 Rf1+ 61. Kd2 Kd5 62. Ke3 Re1+ 63. Re2 Ra1 64. Rf2 Ra3+ 65. Kf4
Ke6 66. Ke4 1-0

[Event "Dt. Senioren-Mannschaftsmeisterschaft der Landesverbände 2017"]
[Site "Templin"]
[Date "2017.09.30"]
[Round "6.5"]
[White "Klundt, Klaus"]
[Black "Nekrasov, Mihail"]
[Result "1/2-1/2"]
[BlackElo "2359"]
[WhiteElo "2321"]
[LiveChessVersion "1.4.8"]

1. e4 e5 2. Nf3 Nc6 3. Bb5 Nge7 4. O-O g6 5. c3 Bg7 6. d4 exd4 7. cxd4 a6 8. Ba4
b5 9. Bb3 d6 10. h3 O-O 11. Nc3 Na5 12. Bc2 c5 1/2-1/2

[Event "Dt. Senioren-Mannschaftsmeisterschaft der Landesverbände 2017"]
[Site "Templin"]
[Date "2017.09.30"]
[Round "6.6"]
[White "Werner, Clemens"]
[Black "Kierzek, Matthias, Dr."]
[Result "1/2-1/2"]
[BlackElo "2277"]
[WhiteElo "2306"]
[LiveChessVersion "1.4.8"]

1. e4 c6 2. Nc3 d5 3. Nf3 Nf6 4. e5 Ne4 5. Qe2 Nxc3 6. dxc3 e6 7. Bf4 Qb6 8.
O-O-O c5 9. c4 d4 10. Ng5 h6 11. Ne4 Nc6 12. h4 Bd7 13. Qg4 O-O-O 14. Rh3
1/2-1/2

[Event "Dt. Senioren-Mannschaftsmeisterschaft der Landesverbände 2017"]
[Site "Templin"]
[Date "2017.09.30"]
[Round "6.7"]
[White "Baum, Bernd, Dr."]
[Black "Herbrechtsmeier, Christof"]
[Result "1-0"]
[BlackElo "2270"]
[WhiteElo "2268"]
[LiveChessVersion "1.4.8"]

1. Nf3 Nf6 2. g3 g6 3. d4 Bg7 4. Bg2 d5 5. O-O O-O 6. Bf4 h6 7. Qc1 Kh7 8. c4
Nc6 9. Rd1 Bf5 10. Nc3 dxc4 11. d5 Na5 12. Nd4 Qc8 13. b4 cxb3 14. axb3 b6 15.
b4 Nb7 16. Ncb5 Ne8 17. Nxa7 Qd7 18. Nac6 Ned6 19. Ne5 Bxe5 20. Bxe5 Rxa1 21.
Qxa1 Nc4 22. Bf4 Nbd6 23. Qc1 Qa4 24. Re1 Bd7 25. Bxh6 Re8 26. Bd2 Ra8 27. e4
Ne5 28. Qc3 Qa3 29. Nb3 f6 1-0

[Event "Dt. Senioren-Mannschaftsmeisterschaft der Landesverbände 2017"]
[Site "Templin"]
[Date "2017.09.30"]
[Round "6.8"]
[White "Vatter, Hans-Joachim"]
[Black "Kierzek, Mira"]
[Result "1-0"]
[BlackElo "2037"]
[WhiteElo "2203"]
[LiveChessVersion "1.4.8"]

1. c4 e5 2. Nc3 Nf6 3. g3 g6 4. Bg2 Bg7 5. Nf3 d6 6. O-O O-O 7. d3 c6 8. Rb1 a5
9. a3 Re8 10. e4 Na6 11. h3 Rb8 12. d4 Nd7 13. Bg5 Bf6 14. Bh6 Nf8 15. Qd2 exd4
16. Nxd4 Ne6 17. Nc2 Qc7 18. Kh2 Bg7 19. Rbd1 Rd8 20. Bxg7 Kxg7 21. f4 f6 22. f5
Nf8 23. Ne3 Qf7 24. Ng4 g5 25. e5 Qxc4 26. exf6+ Kh8 27. Nh6 Nd7 28. Bd5 1-0

[Event "Dt. Senioren-Mannschaftsmeisterschaft der Landesverbände 2017"]
[Site "Templin"]
[Date "2017.09.30"]
[Round "6.9"]
[White "Fritsch, Rolf"]
[Black "Schulz, Michael"]
[Result "1-0"]
[BlackElo "2181"]
[WhiteElo "2214"]
[LiveChessVersion "1.4.8"]

1. d4 Nf6 2. c4 c5 3. d5 e6 4. Nc3 exd5 5. cxd5 d6 6. Nf3 a6 7. a4 g6 8. h3 Bg7
9. Bf4 O-O 10. e3 Qe7 11. Nd2 Nbd7 12. Be2 b6 13. Nc4 Ne8 14. O-O Rb8 15. Qd2 f5
16. Rab1 g5 17. Bh2 Ne5 18. Bxe5 Bxe5 19. b4 Qc7 20. Nxe5 dxe5 21. bxc5 Qxc5 22.
Rfc1 Qd6 23. e4 f4 24. Nd1 Bd7 25. Bxa6 Bxa4 26. Nb2 Bd7 27. Nc4 Qf6 28. Qb2 Nd6
29. Nxe5 Be8 30. Bd3 Qe7 31. Nc6 Bxc6 32. Rxc6 Nf7 33. Re6 Qd7 34. Qf6 b5 35. e5
Qxd5 36. Bxh7+ Kxh7 37. Qg6+ Kh8 38. Qh5+ 1-0

[Event "Dt. Senioren-Mannschaftsmeisterschaft der Landesverbände 2017"]
[Site "Templin"]
[Date "2017.09.30"]
[Round "6.11"]
[White "Braeuner, Uwe"]
[Black "Baumbach, Friedrich, Dr."]
[Result "1-0"]
[BlackElo "2156"]
[WhiteElo "2176"]
[LiveChessVersion "1.4.8"]

1. d4 d5 2. Nf3 Nf6 3. Bf4 e6 4. e3 Bd6 5. Nbd2 O-O 6. Bd3 c5 7. c3 Bxf4 8. exf4
cxd4 9. cxd4 Nc6 10. Qb3 a5 11. Bb5 Qd6 12. g3 Ne4 13. Bxc6 bxc6 14. O-O c5 15.
Nxe4 dxe4 16. dxc5 Qxc5 17. Rfc1 Qe7 18. Nd2 Bb7 19. Nf1 Bd5 20. Qc3 Qb7 21. Ne3
Rfc8 22. Qa3 h5 23. b3 Qb4 24. Qb2 a4 25. Qe5 axb3 26. axb3 Qxb3 27. Qxh5 Qb2
28. Rxc8+ Rxc8 29. Re1 Rc5 30. Rd1 Qb7 31. f5 Qe7 32. Qg4 Ra5 33. h4 Qf6 34. Qf4
Ra1 35. Rxa1 Qxa1+ 36. Kg2 Qd4 37. Qd6 Qd3 38. Qd8+ Kh7 39. f6 Qd4 40. fxg7 Kxg7
41. Qg5+ Kh8 42. Kh2 Qg7 43. Qd8+ Qg8 44. Qf6+ Qg7 45. Nxd5 exd5 46. Qd8+ Qg8
47. Qxd5 Qh7 48. Qg5 Qg6 49. Qxg6 fxg6 50. Kh3 Kg7 51. Kg4 1-0

[Event "Dt. Senioren-Mannschaftsmeisterschaft der Landesverbände 2017"]
[Site "Templin"]
[Date "2017.09.30"]
[Round "6.12"]
[White "Witte, Manfred"]
[Black "Gerstenberger, Heinz"]
[Result "1-0"]
[BlackElo "2119"]
[WhiteElo "2139"]
[LiveChessVersion "1.4.8"]

1. c4 g6 2. Nc3 Bg7 3. g3 d6 4. Bg2 e5 5. e3 f5 6. Nge2 Nf6 7. d3 O-O 8. O-O c6
9. b4 Be6 10. b5 e4 11. Rb1 Re8 12. bxc6 bxc6 13. dxe4 Nxe4 14. Nxe4 fxe4 15.
Qc2 Bg4 16. Bb2 Bxb2 17. Rxb2 Qe7 18. h3 Bxe2 19. Qxe2 Na6 20. Rd1 Nc5 21. Rd4
Rad8 22. Rbd2 Qe6 23. Qd1 d5 24. cxd5 cxd5 25. Rxd5 Rxd5 26. Rxd5 Nd3 27. Qb3
Nc1 28. Qc4 Ne2+ 29. Kh2 Nc3 30. Rc5 Qxc4 31. Rxc4 Nxa2 32. Bxe4 Nc3 33. Bc6 1-0

[Event "Dt. Senioren-Mannschaftsmeisterschaft der Landesverbände 2017"]
[Site "Templin"]
[Date "2017.09.30"]
[Round "6.14"]
[White "Engelbert, Christoph"]
[Black "Jergler, Karl-Heinz"]
[Result "1/2-1/2"]
[BlackElo "2198"]
[WhiteElo "2135"]
[LiveChessVersion "1.4.8"]

1. e4 c5 2. c3 Nf6 3. e5 Nd5 4. d4 cxd4 5. cxd4 Nc6 6. Nf3 g6 7. Nc3 Nxc3 8.
bxc3 Bg7 9. Bf4 Na5 10. Bd3 O-O 11. O-O d6 12. Rb1 Bg4 13. exd6 exd6 14. h3 Be6
15. Qa4 Rc8 16. Bxd6 Qxd6 17. Qxa5 b6 18. Qxa7 Rxc3 19. Rxb6 Qf4 20. Be2 Rc2 21.
Re1 Rxa2 22. Qb7 Raa8 23. Qc6 Rad8 24. Qc1 Qxc1 25. Rxc1 Bxd4 26. Nxd4 Rxd4 27.
Rcb1 Kg7 28. Rb8 Rxb8 29. Rxb8 Rd2 30. Bf3 Ra2 31. Rb1 Ra3 32. Rd1 Bxh3 33. gxh3
Rxf3 34. Kg2 Ra3 35. Rd7 h5 36. Rb7 Ra5 37. Rc7 Rf5 38. Ra7 Kf6 39. Rb7 Kg5 40.
Ra7 Rf4 41. Kg3 Rb4 42. Ra5+ f5 43. Ra6 Rb3+ 44. Kg2 f4 45. Ra4 f3+ 46. Kg3
1/2-1/2

[Event "Dt. Senioren-Mannschaftsmeisterschaft der Landesverbände 2017"]
[Site "Templin"]
[Date "2017.09.30"]
[Round "6.15"]
[White "Oechslein, Rainer"]
[Black "Schellhorn, Wolfgang"]
[Result "0-1"]
[BlackElo "2081"]
[WhiteElo "2294"]
[LiveChessVersion "1.4.8"]

1. e4 c5 2. Nf3 d6 3. d4 cxd4 4. Nxd4 Nf6 5. Nc3 a6 6. Be3 e5 7. Nb3 Qc7 8. f3
Be7 9. Qd2 h5 10. a4 b6 11. Be2 Bb7 12. O-O h4 13. Rfd1 Nbd7 14. a5 b5 15. Rac1
Rc8 16. Bxb5 axb5 17. Nxb5 Qb8 18. Nxd6+ Bxd6 19. Qxd6 Qxd6 20. Rxd6 Ke7 21.
Rdd1 Ba6 22. Kf2 Rc6 23. Na1 Rb8 24. b3 Nc5 25. Rb1 Ncxe4+ 26. fxe4 Nxe4+ 27.
Ke1 Nc3 28. Bd2 Nxd1 29. Rxd1 Rg6 30. Kf2 Ke6 31. c4 Rd8 32. Nc2 Bb7 33. Ne1 Rd4
34. h3 Kd7 35. b4 Rgd6 36. Ke2 Re4+ 37. Kf2 Rxc4 38. b5 Ra4 39. a6 Ba8 40. Ke3
Ra3+ 41. Ke2 Ra2 42. Nd3 e4 43. Ne5+ Ke6 44. Nc4 Rd4 45. Nb6 Bd5 46. Ke1 Bb3 47.
Rb1 Rdxd2 48. Rxb3 Rxg2 49. Kf1 Raf2+ 50. Ke1 Re2+ 51. Kf1 Ref2+ 52. Ke1 Ra2 53.
Kf1 Rg3 54. Rxg3 hxg3 55. Nc4 Kd5 56. b6 Rxa6 57. b7 Ra1+ 0-1

[Event "Dt. Senioren-Mannschaftsmeisterschaft der Landesverbände 2017"]
[Site "Templin"]
[Date "2017.09.30"]
[Round "6.16"]
[White "Gerigk, Wolf"]
[Black "Seibold, Hubert, Dr."]
[Result "0-1"]
[BlackElo "2130"]
[WhiteElo "2032"]
[LiveChessVersion "1.4.8"]

1. Nf3 d5 2. c4 c6 3. g3 Nf6 4. Bg2 Bf5 5. O-O e6 6. Qb3 Qb6 7. Qxb6 axb6 8.
cxd5 exd5 9. Nc3 Bd6 10. d3 O-O 11. Bg5 Nfd7 12. e4 dxe4 13. dxe4 Be6 14. Rfd1
Bc5 15. Rac1 f6 16. Bf4 Ne5 17. Rd2 Nxf3+ 18. Bxf3 Nd7 19. Be2 Ne5 20. h4 h6 21.
h5 Bb4 22. a3 Be7 23. Nd1 Rfd8 24. Rxd8+ Rxd8 25. Be3 b5 26. Kf1 Kf7 27. f3 Nc4
28. Bxc4 Bxc4+ 29. Ke1 Bb3 30. Nf2 b4 31. axb4 Bxb4+ 32. Ke2 b5 33. Nd3 Bd6 34.
Rxc6 Bxg3 35. Rc3 Bc4 36. f4 g6 37. hxg6+ Kxg6 38. b3 Be1 39. f5+ Kh5 40. Rxc4
bxc4 41. Nf4+ Kg4 42. bxc4 Rc8 43. Nd5 Bh4 44. c5 Bg5 45. Bd4 h5 46. Bxf6 h4 47.
Bd4 h3 48. Kf2 Ra8 49. Be5 Ra2+ 50. Ke1 h2 51. Bxh2 Rxh2 52. f6 Kf3 53. Kd1 Kxe4
0-1

[Event "Blindenschachbund-Nordrhein-Westfalen 2"]
[Site "Templin"]
[Date "2017.09.30"]
[Round "6.1"]
[White "Zimmermann, Rolf"]
[Black "Riegler, Dieter"]
[Result "1-0"]
[WhiteElo "2165"]
[BlackElo "2013"]
[PlyCount "79"]
[EventDate "2017.??.??"]
[WhiteTeam "Nordrhein-Westfalen 2"]
[BlackTeam "Blindenschachbund"]

1. c4 g6 2. Nc3 Bg7 3. d4 Nf6 4. e4 d6 5. f3 O-O 6. Be3 Nc6 7. Bd3 e5 8. d5 Nd4
9. Nge2 Nh5 10. Qd2 c5 11. dxc6 bxc6 12. Bg5 f6 13. Bh4 Rb8 14. Nxd4 exd4 15.
Ne2 g5 16. Bf2 c5 17. g4 Nf4 18. Nxf4 gxf4 19. b3 Bh6 20. h4 Kh8 21. Bg3 f5 22.
gxf5 fxg3 23. Qxh6 Qa5+ 24. Qd2 Qc7 25. Qg5 Qa5+ 26. Ke2 Bxf5 27. exf5 Rbe8+
28. Be4 Qc3 29. Qf4 d3+ 30. Ke3 g2 31. Rhg1 Qc2 32. Rae1 Qc3 33. Kf2 Qc2+ 34.
Kg3 Qc3 35. Rd1 Qd4 36. Kh2 Qf2 37. Rd2 Qd4 38. Rxd3 Qf6 39. Rxd6 h5 40. Rxg2
1-0

[Event "Blindenschachbund-Nordrhein-Westfalen 2"]
[Site "Templin"]
[Date "2017.09.30"]
[Round "6.2"]
[White "Dobierzin, Olaf"]
[Black "Bogorad, Michail"]
[Result "1-0"]
[WhiteElo "2001"]
[BlackElo "2109"]
[PlyCount "63"]
[EventDate "2017.??.??"]
[WhiteTeam "Blindenschachbund"]
[BlackTeam "Nordrhein-Westfalen 2"]

1. e4 c5 2. Nf3 g6 3. d4 cxd4 4. Nxd4 Bg7 5. c4 Nc6 6. Be3 Nh6 7. Nc3 O-O 8.
Be2 d6 9. O-O f5 10. exf5 Nxf5 11. Nxf5 Bxf5 12. Qd2 Qa5 13. Rac1 Qe5 14. Rfd1
Be6 15. Nd5 Rac8 16. b4 b6 17. b5 Bxd5 18. cxd5 Na5 19. Bg4 Rc4 20. Be6+ Kh8
21. Qd3 Rxc1 22. Rxc1 Nb7 23. Qa3 Na5 24. h3 Qe4 25. Rc7 Qb1+ 26. Qc1 Qxa2 27.
Rc8 h6 28. Rxf8+ Bxf8 29. Bxh6 Nb3 30. Qc3+ Kh7 31. Bxf8 Qa1+ 32. Qxa1 1-0

[Event "Blindenschachbund-Nordrhein-Westfalen 2"]
[Site "Templin"]
[Date "2017.09.30"]
[Round "6.3"]
[White "Andersen, Knut"]
[Black "Jagdhuber, Hans"]
[Result "1/2-1/2"]
[WhiteElo "2108"]
[BlackElo "2014"]
[PlyCount "50"]
[EventDate "2017.??.??"]
[WhiteTeam "Nordrhein-Westfalen 2"]
[BlackTeam "Blindenschachbund"]

1. d4 Nf6 2. Nc3 d5 3. Bf4 e6 4. Nb5 Na6 5. e3 c6 6. Nc3 Bd6 7. Bg5 h6 8. Bh4
Nb8 9. Bd3 Nbd7 10. e4 dxe4 11. Nxe4 Be7 12. Nxf6+ Bxf6 13. Bxf6 Qxf6 14. Nf3
O-O 15. O-O e5 16. c3 exd4 17. Nxd4 Ne5 18. Be2 Rd8 19. Qc2 c5 20. Nf3 Bf5 21.
Qb3 Be4 22. Nxe5 Qxe5 23. f4 Qf6 24. Rae1 Bd5 25. Bc4 Bxc4 1/2-1/2

[Event "Blindenschachbund-Nordrhein-Westfalen 2"]
[Site "Templin"]
[Date "2017.09.30"]
[Round "6.4"]
[White "Heinich, Manfred"]
[Black "Haselhorst, Helmut"]
[Result "0-1"]
[WhiteElo "1978"]
[BlackElo "2067"]
[PlyCount "76"]
[EventDate "2017.??.??"]
[WhiteTeam "Blindenschachbund"]
[BlackTeam "Nordrhein-Westfalen 2"]

1. d4 Nf6 2. c4 g6 3. Nc3 Bg7 4. e4 d6 5. Nf3 O-O 6. Be2 Bg4 7. Be3 Nfd7 8. Rc1
e5 9. d5 f5 10. Ng5 f4 11. Bxg4 Qxg5 12. Bd2 Qe7 13. O-O Nf6 14. Bh3 Nbd7 15.
f3 g5 16. b4 h5 17. Nb5 Ne8 18. a4 a6 19. Na3 Nef6 20. Bf5 Bh6 21. h3 Kh8 22.
a5 Rg8 23. c5 Nf8 24. cxd6 cxd6 25. b5 g4 26. fxg4 hxg4 27. hxg4 Qg7 28. b6 Rb8
29. Qf3 Nxg4 30. Bxg4 Qxg4 31. Qxg4 Rxg4 32. Rf3 Nh7 33. Rh3 Bg7 34. Rc7 Kg8
35. Kf1 Ng5 36. Rh5 Nxe4 37. Be1 Nf6 38. Rf5 Nxd5 0-1

[Event "Sachsen 1-Bremen"]
[Site "Templin"]
[Date "2017.09.30"]
[Round "6.1"]
[White "Buchal, Stephan"]
[Black "Kyas, Jürgen"]
[Result "1/2-1/2"]
[WhiteElo "2347"]
[BlackElo "2200"]
[PlyCount "26"]
[EventDate "2017.??.??"]
[WhiteTeam "Bremen"]
[BlackTeam "Sachsen 1"]

1. c4 c5 2. g3 Nc6 3. Bg2 g6 4. Nc3 Bg7 5. Nf3 e6 6. d3 Nge7 7. Bg5 h6 8. Bd2
d5 9. a3 b6 10. Rb1 Bb7 11. O-O O-O 12. Qc1 Kh7 13. b4 Nd4 1/2-1/2

[Event "Sachsen 1-Bremen"]
[Site "Templin"]
[Date "2017.09.30"]
[Round "6.2"]
[White "Weidlich, Günter"]
[Black "Franke, Reiner"]
[Result "0-1"]
[WhiteElo "2187"]
[BlackElo "2255"]
[PlyCount "58"]
[EventDate "2017.??.??"]
[WhiteTeam "Sachsen 1"]
[BlackTeam "Bremen"]

1. d4 d5 2. Nf3 Nf6 3. c4 dxc4 4. e3 Bg4 5. Bxc4 e6 6. O-O a6 7. Qe2 Nc6 8. h3
Bh5 9. Rd1 Bd6 10. Nc3 Qe7 11. g4 Bg6 12. e4 e5 13. d5 Nb8 14. Kg2 Nbd7 15. Bd3
h5 16. g5 Nh7 17. h4 O-O 18. Ng1 f6 19. Nh3 Qf7 20. Rh1 Nc5 21. f3 Qd7 22. Bc2
b5 23. Nd1 Be7 24. f4 f5 25. fxe5 fxe4 26. b4 Nd3 27. Bb3 Kh8 28. e6 Qd6 29. a3
Rf3 0-1

[Event "Sachsen 1-Bremen"]
[Site "Templin"]
[Date "2017.09.30"]
[Round "6.3"]
[White "Rust-Lux, Klaus"]
[Black "Lenk, Wolfgang"]
[Result "1-0"]
[WhiteElo "2065"]
[BlackElo "2179"]
[PlyCount "103"]
[EventDate "2017.??.??"]
[WhiteTeam "Bremen"]
[BlackTeam "Sachsen 1"]

1. d4 Nf6 2. c4 g6 3. Nc3 Bg7 4. e4 d6 5. Nf3 O-O 6. Be2 e5 7. O-O Nc6 8. d5
Ne7 9. Ne1 Nd7 10. Nd3 f5 11. Bd2 Nf6 12. f3 Rf7 13. c5 Bf8 14. Qb3 Kh8 15.
cxd6 cxd6 16. Rac1 Rg7 17. Nf2 f4 18. Rc2 g5 19. Ng4 Neg8 20. Rfc1 h5 21. Nxf6
Nxf6 22. Be1 g4 23. Bh4 gxf3 24. Bxf3 Bg4 25. Kh1 Bxf3 26. gxf3 Rc8 27. Nd1 Rc5
28. Bf2 Rxc2 29. Qxc2 Ne8 30. Nc3 b6 31. Rg1 Rc7 32. Qe2 Qf6 33. Qf1 Qf7 34.
Qh3 Be7 35. Bh4 Bxh4 36. Qxh4 Ng7 37. Qd8+ Kh7 38. Qxd6 Re7 39. Nd1 Ne8 40. Qc6
Rc7 41. Qa4 Nd6 42. Nf2 b5 43. Qd1 Nc4 44. Nh3 Qf6 45. Ng5+ Kh6 46. h4 Nxb2 47.
Qb3 Nc4 48. Qxb5 Nd6 49. Qb8 Rb7 50. Qg8 Nxe4 51. fxe4 f3 52. Qe6 1-0

[Event "Sachsen 1-Bremen"]
[Site "Templin"]
[Date "2017.09.30"]
[Round "6.4"]
[White "Böhm, Erwin"]
[Black "Ditmas, Hugh"]
[Result "1-0"]
[WhiteElo "2154"]
[BlackElo "1993"]
[PlyCount "63"]
[EventDate "2017.??.??"]
[WhiteTeam "Sachsen 1"]
[BlackTeam "Bremen"]

1. e4 c5 2. Nc3 Nc6 3. g3 g6 4. Bg2 Bg7 5. d3 d6 6. f4 Nf6 7. h3 Rb8 8. Nce2
Qc7 9. Nf3 b5 10. O-O O-O 11. g4 Nd7 12. c3 b4 13. c4 e6 14. Ng3 Nd4 15. Nxd4
Bxd4+ 16. Kh2 Bb7 17. Qe2 a5 18. Be3 Bg7 19. Rad1 Nb6 20. b3 a4 21. Qf2 axb3
22. axb3 Ra8 23. d4 Nd7 24. dxc5 dxc5 25. Rd3 Ra1 26. Rxa1 Bxa1 27. e5 Bxg2 28.
Qxg2 Nb8 29. Ne4 Rd8 30. Qd2 Rxd3 31. Qxd3 Nd7 32. Qxd7 1-0

[Event "Brandenburg 1-Rheinland-Pfalz 1"]
[Site "Templin"]
[Date "2017.09.30"]
[Round "6.1"]
[White "Giesen, Dieter"]
[Black "Walter, Günter"]
[Result "1/2-1/2"]
[BlackElo "2158"]
[BlackTeam "Brandenburg 1"]
[Board "1"]
[WhiteElo "2215"]
[WhiteTeam "Rheinland-Pfalz 1"]

1. e4 c5 2. c3 d5 3. exd5 Qxd5 4. Nf3 Nf6 5. d4 e6 6. Be2 Nc6 7. O-O  Be7 8.
Be3 cxd4 9. cxd4 O-O  10. Nc3 Qd6 11. Qd2 Nd5 12. a3 Nxe3 13. Qxe3 Bd7 14.
Rad1 Rad8 15. d5 exd5 16. Nxd5 Rfe8  1/2-1/2

[Event "Brandenburg 1-Rheinland-Pfalz 1"]
[Site "Templin"]
[Date "2017.09.30"]
[Round "6.2"]
[White "Walkewitz, Hubert"]
[Black "Kargoll, Peter"]
[Result "1-0"]
[BlackElo "2163"]
[BlackTeam "Rheinland-Pfalz 1"]
[Board "2"]
[WhiteElo "2134"]
[WhiteTeam "Brandenburg 1"]

1. f4 d5 2. Nf3 g6 3. e3 Bg7 4. d4 Nh6 5. Bd3 O-O 6. O-O Bf5 7. c4 c5 8. cxd5
Bxd3 9. Qxd3 cxd4 10. e4 e6 11. dxe6 fxe6 12. h3 Nc6 13. Qb3 Qd7 14. Na3 Kh8
15. Bd2 Rae8 16. Nc4 Ng8 17. e5 Nge7 18. Nd6 Rb8 19. Ng5 Nd5 20. Qg3 Kg8 21.
Rac1 Bh6 22. Nge4 b6 23. Qh4 Bg7 24. Ng5 h6 25. Nxe6 Qxe6 26. Rxc6 g5 27. Qg3
gxf4 28. Qb3 Bxe5 29. Nc8 Qf7 30. Qxd5 Rbxc8 31. Qxf7+ Kxf7 32. Rxc8 Rxc8 33.
Bxf4 Kf6 34. Bg3+ Ke6 35. Re1 Rc5 36. Kf2 Kd6 37. Rxe5 Rxe5 38. Kf3 h5 39.
Bxe5+ Kxe5 40. g3 Kf5 41. a4 a6 42. b4 Ke5 43. g4 hxg4+ 44. hxg4 d3 45. Ke3 d2
46. Kxd2 Kf4 47. Kd3 Kxg4 48. Ke4  1-0

[Event "Brandenburg 1-Rheinland-Pfalz 1"]
[Site "Templin"]
[Date "2017.09.30"]
[Round "6.3"]
[White "Fecht, Hans-Peter"]
[Black "Jandke, Manfred"]
[Result "1/2-1/2"]
[BlackElo "2147"]
[BlackTeam "Brandenburg 1"]
[Board "3"]
[WhiteElo "2090"]
[WhiteTeam "Rheinland-Pfalz 1"]

1. Nf3 d5 2. g3 Nf6 3. Bg2 Bf5 4. c4 c6 5. Qb3 Qb6 6. d3 e6 7. O-O  Be7 8.
Nc3 Nbd7 9. Qxb6 axb6 10. b3 h6 11. a4 O-O  12. Ba3 Bc5 13. Nd2 Rfd8 14.
Bxc5 bxc5 15. Rfb1 Ra7 16. h3 Nb8 17. Rd1 Na6 18. e4 dxe4 19. dxe4 Bg6 20. Nf1
Rd4 21. Ne3 Nb4 22. e5 Nd7 23. Ne2 Rxd1+ 24. Rxd1 Nxe5 25. Rd8+ Kh7 26. f4 Ned3
27. g4 f5 28. Rd7 Ne1 29. Bh1 Nec2 30. Nxc2 Nxc2 31. Bxc6 Ra6 32. Bxb7 Rb6 33.
Nc1 Be8 34. Rc7 Bxa4 35. bxa4 Rb1 36. a5 Rxc1+ 37. Kf2 Ra1 38. Rxc5 Ra2 39. Kf1
Ne3+ 40. Ke1 fxg4 41. hxg4 Kg6 42. Bc8 Ng2+ 43. Kd1 Nxf4 44. a6 Nd3 45. Rc7 Kf6
46. a7 Ne5 47. Kc1 Nxc4 48. Rxc4 Rxa7  1/2-1/2

[Event "Brandenburg 1-Rheinland-Pfalz 1"]
[Site "Templin"]
[Date "2017.09.30"]
[Round "6.4"]
[White "Kuhne, Detlev"]
[Black "Dietzsch, Herbert"]
[Result "1/2-1/2"]
[BlackElo "2094"]
[BlackTeam "Rheinland-Pfalz 1"]
[Board "4"]
[WhiteElo "2108"]
[WhiteTeam "Brandenburg 1"]

1. c4 e6 2. Nf3 d5 3. d4 c6 4. Nc3 Nf6 5. e3 Nbd7 6. Bd3 Be7 7. O-O O-O  8.
e4 dxe4 9. Nxe4 Nxe4 10. Bxe4 Nf6 11. Bc2 c5 12. dxc5 Bxc5 13. Bg5 Be7 14. Qxd8
Rxd8 15. Rfd1 Bd7 16. Ne5 Be8 17. Rxd8 Rxd8 18. Rd1 Rxd1+ 19. Bxd1 h6 20. Be3
b6 21. Bf3 Bd6  22. Nd3 Nd7 23. b4 Ne5 24. Nxe5 Bxe5 25. c5 Bc7 26. g3 Kf8
27. Kf1 Ke7 28. Ke2 Bb5+ 29. Kd2 Kd7 30. Kc3 bxc5 31. Bxc5 a5 32. a3 Be5+ 33.
Kb3 a4+ 34. Kc2 f5 35. Bg2 g5 36. Be3 Bc4 37. f4 Bf6 38. Bc1 gxf4 39. gxf4 Bd4
40. Bb2 Bg1 41. h3 Be3 42. Be5 Be2 43. Kb2 Bd2 44. Kc2 Be3 45. Bb8 h5 46. Be5
h4 47. Bb8 Bb5 48. Kd1 Bd3 49. Be5 Bc4 50. Kc2 Bb5  1/2-1/2